000 01010nam a2200301 i 4500
003 EG-GICUC
005 20260412101413.0
008 260412s1933 fr ||||fr|||| 000 0 fre d
040 _aEG-GiCUC
_bfre
_cEG-GiCUC
_dEG-GiCUC
_eRda
041 0 _afre
082 0 4 _221
_a343.772
_bGA . C
092 0 4 _221
099 _aLaw1 10 343.772 GA . C 1933
100 1 _aGarbolde, Maurice
245 1 0 _aCommentaire De La LOI Du 7 Février 1933 Sur Les Garanties De La Liberté Individuelle /
_cMaurice Garbolde.
264 1 _aParis :
_bA. Pedone,
_c1933.
264 3 _aParis :
_bLibrairie De La Cour D'appel Et De L'ordre Des Avocats,
_c1933.
300 _a89 page ;
_c 22 cm.
336 _2rda contenu
_a texte
337 _2rda medias
_aOrdinateur
338 _2 transporteur rda
_a Ressource en ligne
546 _aTexte en français
650 1 4 _aDroit pénal
_2qrmak
651 1 _2qrmak
856 4 0 _uhttps://fll.law.cu.edu.eg/fulltext/bks/B10-09549pdf
905 _a70
_eHassnaa
942 _2ddc
_cBK
_e21
_n0
999 _c70165
_d70165